00223nam a2200073Ia 4500008004100000082000800041100002200049245007800071240331s9999 xx 000 0 und d bWOM aLAtin America. ed 0aWomen of the world :blaws and polices affecting their reproductive lives